Význam marketingového inštrumentária pri rozvoji športového odvetvia so zameraním na ženský golf dizertačná práca

Saved in:
Bibliographic Details
Main Author: Malíčková, Lucia, 1988-
Corporate Author: Obchodná fakulta EU. Katedra marketingu
Other Authors: Žák, Štefan, 1971-
Format: Book
Language:Slovak
Published: Bratislava 2024
Subjects:
Tags: Add Tag
No Tags, Be the first to tag this record!

MARC

LEADER 00000nbm a2200000 4500
001 0303039
005 20240718102834.5
041 0 |a slo 
044 |a SK 
245 1 0 |a Význam marketingového inštrumentária pri rozvoji športového odvetvia so zameraním na ženský golf  |b dizertačná práca  |c Lucia Malíčková ; školiteľ: Štefan Žák 
264 1 |a Bratislava  |c 2024 
300 |a 175 s. 
610 2 0 |a šport 
610 2 0 |a nástroje marketingové 
100 1 |a Malíčková, Lucia, 1988- 
700 1 |a Žák, Štefan, 1971- 
710 2 |a Obchodná fakulta EU. Katedra marketingu